[Event "GER-ch U10 Girls"]
[Site "Willingen"]
[Date "2024.05.20"]
[Round "4"]
[White "Vasilieva, Victoria"]
[Black "Xu, Dorothea Sicheng"]
[Result "0-1"]
[WhiteElo "1048"]
[BlackElo "1255"]
[PlyCount "34"]
[EventDate "2024.05.19"]
[EventType "swiss"]
[EventRounds "11"]
[EventCountry "GER"]
[SourceTitle "CB27_2024"]
[SourceDate "2024.07.03"]
[SourceVersion "1"]
[SourceVersionDate "2024.07.03"]
[SourceQuality "1"]

1. d4 d5 2. Nf3 Nf6 3. Bf4 c5 4. c4 Nc6 5. Nc3 e6 6. e3 Bd6 7. Ne5 0-0 8. Nxc6 bxc6 9. Bg5 cxd4 10. exd4 Re8 11. Bd3 e5 12. 0-0 exd4 13. Ne2 dxc4 14. Bxc4 c5 15. Qb3 Be6 16. Ng3 Rb8 17. Qc3 dxc3 0-1

[Event "GER-ch U10 Girls"]
[Site "Willingen"]
[Date "2024.05.20"]
[Round "3"]
[White "Xu, Dorothea Sicheng"]
[Black "Chen, Yuefan"]
[Result "0-1"]
[WhiteElo "1255"]
[BlackElo "1679"]
[PlyCount "94"]
[EventDate "2024.05.19"]
[EventType "swiss"]
[EventRounds "11"]
[EventCountry "GER"]
[SourceTitle "CB27_2024"]
[SourceDate "2024.07.03"]
[SourceVersion "1"]
[SourceVersionDate "2024.07.03"]
[SourceQuality "1"]

1. e4 c5 2. Nf3 d6 3. Bb5+ Bd7 4. Bxd7+ Qxd7 5. 0-0 Nf6 6. Re1 Nc6 7. c3 e5 8. d4 cxd4 9. cxd4 Rc8 10. Nc3 Be7 11. Bg5 exd4 12. Nxd4 Nxd4 13. Qxd4 0-0 14. e5 Ne8 15. Bxe7 Qxe7 16. Rad1 dxe5 17. Rxe5 Qc7 18. Nd5 Qc1 19. Ne7+ Kh8 20. Nxc8 Qxc8 21. Qxa7 Qc2 22. Qd4 Nf6 23. Qd8 Rxd8 24. Rxd8+ Ng8 25. f3 h6 26. Ree8 Qc1+ 27. Kf2 Qc2+ 28. Kf1 Qc4+ 29. Kf2 Qc2+ 30. Kf1 Kh7 31. Rxg8 Qb1+ 32. Kf2 Qxb2+ 33. Kg3 Qc1 34. Rh8+ Kg6 35. Rd6+ f6 36. Rd5 Qe1+ 37. Kg4 Qe6+ 38. Rf5 Qxf5+ 39. Kg3 Qg5+ 40. Kf2 Qd2+ 41. Kg3 Qe1+ 42. Kg4 f5+ 43. Kf4 Qh4+ 44. Ke3 Qe7+ 45. Kf4 Kf6 46. Kg3 Qe1+ 47. Kf4 g5# 0-1

[Event "GER-ch U10 Girls"]
[Site "Willingen"]
[Date "2024.05.19"]
[Round "2"]
[White "Rabus, Luise"]
[Black "Xu, Dorothea Sicheng"]
[Result "0-1"]
[WhiteElo "1090"]
[BlackElo "1255"]
[PlyCount "100"]
[EventDate "2024.05.19"]
[EventType "swiss"]
[EventRounds "11"]
[EventCountry "GER"]
[SourceTitle "CB27_2024"]
[SourceDate "2024.07.03"]
[SourceVersion "1"]
[SourceVersionDate "2024.07.03"]
[SourceQuality "1"]

1. e4 e5 2. Nf3 Nc6 3. Bc4 Nf6 4. d3 Be7 5. c3 d5 6. exd5 Nxd5 7. 0-0 0-0 8. h3 Re8 9. Re1 Bf6 10. Nbd2 Nb6 11. Re2 Bf5 12. Re3 Nd5 13. Re2 Nf4 14. Re3 Nxd3 15. Nf1 e4 16. Ne1 Nxc1 17. Rxc1 Bg5 18. Qh5 g6 19. Rd1 gxh5 20. Rxd8 Bxe3 21. Rxe8+ Rxe8 22. Nxe3 Be6 23. Be2 Bxa2 24. Bxh5 Re5 25. Be2 f5 26. f4 Rc5 27. Bh5 Kg7 28. g4 fxg4 29. hxg4 Bf7 30. Nf5+ Kf6 31. Bxf7 Kxf7 32. Nh6+ Kg6 33. g5 Rb5 34. b4 a5 35. Nc2 axb4 36. cxb4 Nxb4 37. Nd4 Rd5 38. Nc2 Nxc2 39. Kg2 Rd2+ 40. Kg3 e3 41. Kg4 Rd4 42. Kf3 b5 43. Ke2 Rxf4 44. Ng8 Rf2+ 45. Kd3 e2 46. Kxc2 e1Q+ 47. Kd3 Rd2+ 48. Kc3 Qc1+ 49. Kb4 Rb2+ 50. Ka5 Qa1# 0-1

[Event "GER-chT U12 Girls"]
[Site "Magdeburg"]
[Date "2023.12.29"]
[Round "5.5"]
[White "Seyedfakhari, Elena"]
[Black "Xu, Dorothea Sicheng"]
[Result "0-1"]
[WhiteElo "860"]
[BlackElo "1118"]
[PlyCount "118"]
[EventDate "2023.12.26"]
[EventType "team-swiss"]
[EventRounds "7"]
[EventCountry "GER"]
[SourceTitle "CB03_2024"]
[SourceDate "2024.01.17"]
[SourceVersion "1"]
[SourceVersionDate "2024.01.17"]
[SourceQuality "1"]
[WhiteTeam "Blankenese"]
[BlackTeam "Bad Homburg"]
[WhiteTeamCountry "GER"]
[BlackTeamCountry "GER"]

1. e4 e5 2. Nf3 Nc6 3. Nc3 Nf6 4. Bc4 Bc5 5. 0-0 0-0 6. d3 h6 7. Be3 Bb6 8. Qe2 d6 9. h3 Be6 10. Bb3 d5 11. exd5 Nxd5 12. Nxd5 Bxd5 13. Bxd5 Qxd5 14. c4 Qd6 15. Rac1 Bxe3 16. fxe3 Rfe8 17. c5 Qe6 18. Nd2 Qxa2 19. Nc4 b5 20. Ra1 Qb3 21. Nd2 Qxb2 22. Rab1 Qa2 23. Rxb5 a6 24. Rb7 Re7 25. Qf3 Qxd2 26. Qxc6 Qxe3+ 27. Kh1 Qxd3 28. Rf3 Qd7 29. Qe4 a5 30. Rb2 a4 31. c6 Qd1+ 32. Kh2 a3 33. Ra2 Qd4 34. Qe2 e4 35. Rfxa3 Qd6+ 36. Rg3 Rxa2 37. Qxa2 Qxc6 38. Qb2 g6 39. Qb3 Qb6 40. Qa3 c5 41. Qa8+ Kh7 42. Ra3 Qd6+ 43. Kg1 Qd4+ 44. Kh1 e3 45. Qb8 e2 46. Ra8 e1Q+ 47. Kh2 Qde5+ 48. Qxe5 Qxe5+ 49. Kg1 c4 50. Rc8 Rc7 51. Rxc7 Qxc7 52. Kf2 c3 53. Kf3 c2 54. Kf2 c1Q 55. Ke2 Q7c3 56. Kf2 Q1c2+ 57. Kg1 Qe1+ 58. Kh2 Qc7+ 59. g3 Qc2# 0-1